[Event "Hanoi GM"]
[Site "Hanoi"]
[Date "2023.05.25"]
[Round "8"]
[White "Labog, Eric Jr"]
[Black "Mohammad Fahad, Rahman"]
[Result "1/2-1/2"]
[WhiteElo "2252"]
[BlackElo "2396"]
[PlyCount "77"]
[EventDate "2023.05.22"]
[EventType "schev"]
[EventRounds "9"]
[EventCountry "VIE"]
[SourceTitle "CBM 214 Extra"]
[Source "ChessBase"]
[SourceDate "2023.07.31"]
[SourceVersion "1"]
[SourceVersionDate "2023.07.31"]
[SourceQuality "1"]

1. d4 d5 2. c4 e6 3. Nf3 Nf6 4. Nc3 c6 5. cxd5 exd5 6. Qc2 g6 7. Bg5 Be7 8. e3 Bf5 9. Bd3 Bxd3 10. Qxd3 Nbd7 11. 0-0 0-0 12. Bxf6 Nxf6 13. Rab1 a5 14. Qc2 Bd6 15. a3 Qe7 16. Ne2 Rfc8 17. Rfc1 a4 18. Nc3 b5 19. Qd3 Nd7 20. e4 dxe4 21. Qxe4 Nb6 22. d5 cxd5 23. Qxe7 Bxe7 24. Nxb5 Bf6 25. Rxc8+ Rxc8 26. g3 Rc5 27. Nbd4 Nc4 28. b4 Rc8 29. Rc1 Re8 30. Rc3 g5 31. h3 h5 32. Rd3 Kg7 33. Kf1 Kg6 34. Nb5 Rd8 35. g4 hxg4 36. hxg4 Bb2 37. Ke2 f6 38. Kd1 Rb8 39. Ng1 1/2-1/2

[Event "Hanoi GM"]
[Site "Hanoi"]
[Date "2023.05.24"]
[Round "5"]
[White "Pham, Tran Gia Phuc"]
[Black "Labog, Eric Jr"]
[Result "1-0"]
[WhiteElo "2323"]
[BlackElo "2252"]
[PlyCount "105"]
[EventDate "2023.05.22"]
[EventType "schev"]
[EventRounds "9"]
[EventCountry "VIE"]
[SourceTitle "CBM 214 Extra"]
[Source "ChessBase"]
[SourceDate "2023.07.31"]
[SourceVersion "1"]
[SourceVersionDate "2023.07.31"]
[SourceQuality "1"]

1. d4 Nf6 2. Bf4 g6 3. Nc3 d5 4. Nf3 Bg7 5. Nb5 Na6 6. e3 c6 7. Nc3 Nc7 8. h3 0-0 9. Be2 Nce8 10. 0-0 Nd6 11. Be5 Bh6 12. Bd3 b6 13. a4 a5 14. Re1 Ba6 15. Bxa6 Rxa6 16. Qd3 Ra8 17. Bxd6 Qxd6 18. e4 dxe4 19. Nxe4 Nxe4 20. Qxe4 e6 21. Ne5 Rac8 22. Ra3 Bg7 23. Rb3 c5 24. Nc4 Qxd4 25. Rxb6 Rfd8 26. c3 Qxe4 27. Rxe4 Rd1+ 28. Kh2 Ra1 29. Nxa5 e5 30. Nc6 Re8 31. a5 f5 32. Re2 e4 33. a6 Be5+ 34. g3 Re6 35. Rd2 Bc7 36. Rb7 Rxc6 37. a7 Kf7 38. Rd7+ Ke6 39. Rdxc7 Rxc7 40. Rxc7 c4 41. Rxh7 g5 42. Kg2 f4 43. gxf4 gxf4 44. Rc7 Kd6 45. Rxc4 Kd5 46. Rc7 Ke5 47. Re7+ Kf5 48. b4 Ra2 49. Kf1 f3 50. Ke1 Kf4 51. b5 e3 52. fxe3+ Kg3 53. Rg7+ 1-0

[Event "Manny Pacquiao op"]
[Site "General Santos City"]
[Date "2022.12.15"]
[Round "6"]
[White "Sivuk, Vitaly"]
[Black "Labog, Eric Jr"]
[Result "1-0"]
[WhiteElo "2570"]
[BlackElo "2229"]
[PlyCount "69"]
[EventDate "2022.12.13"]
[EventType "swiss"]
[EventRounds "9"]
[EventCountry "PHI"]
[SourceTitle "EXT 2024"]
[Source "ChessBase"]
[SourceDate "2023.10.10"]
[SourceVersion "1"]
[SourceVersionDate "2023.10.10"]
[SourceQuality "1"]

1. d4 Nf6 2. c4 e6 3. Nf3 Bb4+ 4. Nbd2 b6 5. a3 Bxd2+ 6. Qxd2 Bb7 7. e3 d6 8. Be2 Nbd7 9. 0-0 Qe7 10. b4 0-0 11. Bb2 Ne4 12. Qc2 f5 13. d5 e5 14. Nd2 Nxd2 15. Qxd2 c5 16. dxc6 Bxc6 17. Rad1 Rf6 18. f3 Raf8 19. a4 Rh6 20. a5 Qh4 21. h3 Rg6 22. Rf2 Rff6 23. Kf1 Qg3 24. c5 b5 25. cxd6 Qh2 26. Ke1 Qg1+ 27. Bf1 Kh8 28. Rc1 Rxd6 29. Rxc6 Rxc6 30. Qxd7 h6 31. Qxf5 a6 32. Qxe5 Rce6 33. Qf4 Rd6 34. Bd4 Rc6 35. Bc5 1-0

[Event "Asia-ch U20"]
[Site "Tagaytay City"]
[Date "2022.11.20"]
[Round "3"]
[White "Labog, Eric Jr"]
[Black "Hakemi, Arman"]
[Result "1-0"]
[WhiteElo "2138"]
[BlackElo "2412"]
[PlyCount "102"]
[EventDate "2022.11.19"]
[EventType "swiss"]
[EventRounds "9"]
[EventCountry "PHI"]
[SourceTitle "CBM 211 Extra"]
[Source "ChessBase"]
[SourceDate "2023.01.31"]
[SourceVersion "1"]
[SourceVersionDate "2023.01.31"]
[SourceQuality "1"]

1. Nf3 d5 2. g3 Nf6 3. Bg2 e6 4. d4 b5 5. a4 b4 6. c4 bxc3 7. bxc3 Be7 8. c4 c6 9. 0-0 0-0 10. Qc2 Ba6 11. c5 Nbd7 12. Nc3 Nh5 13. Na2 Rb8 14. g4 Nhf6 15. Bf4 Rb7 16. Rfb1 Rxb1+ 17. Rxb1 Nxg4 18. Nb4 Qc8 19. h3 Ngf6 20. Nxa6 Qxa6 21. e3 Ne4 22. Bf1 Qc8 23. Qb2 g5 24. Bh2 f5 25. Qb7 g4 26. Qxc8 Rxc8 27. Ba6 Rf8 28. Ne1 Bh4 29. Nd3 gxh3 30. Bb7 Rf7 31. Bxc6 Bxf2+ 32. Kh1 Ndf6 33. Bf4 Ng4 34. Be8 Rf8 35. Bd7 Kf7 36. Ne5+ Nxe5 37. Bxe5 Bg3 38. Bxg3 Nxg3+ 39. Kh2 f4 40. exf4 Nf5 41. Rb7 a5 42. Bb5+ Kf6 43. c6 Rc8 44. Rd7 Nxd4 45. c7 e5 46. Ba6 Rxc7 47. fxe5+ Kxe5 48. Rxc7 Ne6 49. Rxh7 Nc5 50. Bb5 d4 51. Rxh3 Kd5 1-0

[Event "Eastern Asia-ch U20"]
[Site "Batangas"]
[Date "2019.12.14"]
[Round "7"]
[White "Concio, Michael Jr"]
[Black "Labog, Eric Jr"]
[Result "1/2-1/2"]
[WhiteElo "2194"]
[BlackElo "2054"]
[PlyCount "74"]
[EventDate "2019.12.10"]
[EventType "swiss"]
[EventRounds "9"]
[EventCountry "PHI"]
[SourceTitle "CBM 193 Extra"]
[Source "ChessBase"]
[SourceDate "2020.01.31"]
[SourceVersion "1"]
[SourceVersionDate "2020.01.31"]
[SourceQuality "1"]

1. g3 Nf6 2. Bg2 d5 3. c4 g6 4. Nf3 Bg7 5. 0-0 0-0 6. d3 c5 7. Nc3 Nc6 8. Bf4 dxc4 9. dxc4 Nh5 10. Be3 Qa5 11. Qd5 Be6 12. Qxc5 Qxc5 13. Bxc5 Bxc4 14. Nd2 Ba6 15. Bxc6 bxc6 16. Bxe7 Rfe8 17. Ba3 Rad8 18. Nb3 Bxe2 19. Nxe2 Rxe2 20. Rfe1 Rxe1+ 21. Rxe1 Bf8 22. Bxf8 Kxf8 23. Rc1 Rd6 24. Na5 Rd2 25. Nc4 Rd5 26. Ne3 Rd2 27. Nc4 Rd5 28. b4 Nf6 29. Rc2 Nd7 30. Na5 c5 31. bxc5 Nxc5 32. Nc6 a6 33. Nb4 Rd1+ 34. Kg2 a5 35. Nc6 Nd3 36. Kf3 Ra1 37. Rd2 Nc1 1/2-1/2

[Event "Eastern Asia-ch U18 4th"]
[Site "Bangkok"]
[Date "2019.08.02"]
[Round "1.5"]
[White "Tarigan, Gilbert Elroy"]
[Black "Labog, Eric Jr"]
[Result "1/2-1/2"]
[WhiteElo "2171"]
[BlackElo "2032"]
[PlyCount "115"]
[EventDate "2019.08.02"]
[EventType "swiss"]
[EventRounds "9"]
[EventCountry "THA"]
[SourceTitle "EXT 2024"]
[Source "ChessBase"]
[SourceDate "2023.10.10"]
[SourceVersion "1"]
[SourceVersionDate "2023.10.10"]
[SourceQuality "1"]

1. e4 c5 2. Nf3 Nc6 3. Bb5 e5 4. 0-0 d6 5. c3 a6 6. Bxc6+ bxc6 7. d4 cxd4 8. cxd4 exd4 9. Nxd4 Bd7 10. Re1 Be7 11. Bf4 Nf6 12. Nd2 c5 13. N4f3 Nh5 14. Be3 0-0 15. Ne5 dxe5 16. Qxh5 f6 17. Nc4 Be6 18. Qe2 Qb8 19. Rac1 Qb5 20. Qc2 Rfc8 21. f3 Rab8 22. Re2 a5 23. b3 Qa6 24. a4 Bxc4 25. bxc4 Rb4 26. Bd2 Rb7 27. Re3 Rcb8 28. Rd3 Bf8 29. Qd1 Qc6 30. Bc3 Rb3 31. Bxa5 Qxa4 32. Bc7 R8b7 33. Rd7 h6 34. Qd5+ Kh7 35. Qd1 Ra3 36. Qxa4 Rxa4 37. Rd8 Rxc7 38. Rxf8 Rd7 39. Rc2 Rd4 40. Rc8 Raxc4 41. Rxc5 Rxc5 42. Rxc5 Rd2 43. Rc7 h5 44. h4 Kh6 45. Kh2 Ra2 46. Kh3 Rb2 47. Kg3 Ra2 48. Rc1 Rb2 49. Rc8 Ra2 50. Kh3 Ra3 51. Rd8 Rb3 52. Rd2 Ra3 53. Kg3 Rb3 54. Rd1 Ra3 55. Rh1 Rb3 56. Rd1 Ra3 57. Rh1 Ra2 58. Rg1 1/2-1/2